| 000 | 00912nam a22003137a 4500 | ||
|---|---|---|---|
| 003 | CHAP | ||
| 005 | 20220329141141.0 | ||
| 008 | 971010s1969 r 00010 d | ||
| 010 | _a63453 | ||
| 011 | _a64425 | ||
| 035 | _a69747 | ||
| 040 | _cCHAP | ||
| 082 |
_a511 _bP4Y |
||
| 100 | 0 | 0 |
_aPeterson, John A. _987620 |
| 245 | _aTeoría de la aritmética | ||
| 260 |
_aMéxico, D. F. : _bLimusa, _c1969 |
||
| 300 | _a383 p. | ||
| 500 | _ac.3 reimp. de 1985 | ||
| 590 |
_aBATCH-UPD _b10 _c20130110 _lUCH01 _h0342 |
||
| 590 |
_aBATCH-UPD _b10 _c20130110 _lUCH01 _h2108 |
||
| 590 |
_aBATCH-UPD _b10 _c20130410 _lUCH01 _h0016 |
||
| 590 |
_aBATCH-UPD _b10 _c20130914 _lUCH01 _h0358 |
||
| 590 |
_aCONVERSION _b10 _c20130109 _lUCH01 _h1334 |
||
| 650 | 1 | 4 |
_aAritmética. _97117 |
| 700 | 0 |
_aHashisaki, Joseph. _953026 |
|
| 901 | _aBK | ||
| 942 | _cLIBRO | ||
| 949 |
_a511 P4Y _bBC _cLIBRO _d-126284 _eLIBRO _fc.3 _h31878 _i69747 _si |
||
| 999 |
_c63453 _d63453 |
||